|
|
|
|
| LEADER |
00720nab a2200205 i 4500 |
| 001 |
acta19387 |
| 005 |
20251008142431.0 |
| 008 |
161015s1944 hu o 000 hun d |
| 040 |
|
|
|a SZTE Egyetemi Kiadványok Repozitórium
|b hun
|
| 041 |
|
|
|a hun
|
| 100 |
1 |
|
|a Madácsy László
|
| 245 |
1 |
0 |
|a Szinház ![Színház]
|h [elektronikus dokumentum] /
|c Madácsy László
|
| 260 |
|
|
|c 1944
|
| 300 |
|
|
|a 95-96
|
| 490 |
0 |
|
|a Délvidéki szemle
|v 3
|
| 650 |
|
4 |
|a Bölcsészettudományok
|
| 650 |
|
4 |
|a Művészetek (művészetek, művészettörténet, előadóművészetek, zene)
|
| 695 |
|
|
|a Színházművészet
|
| 700 |
0 |
1 |
|a Ibsen Henrik
|
| 856 |
4 |
0 |
|u http://acta.bibl.u-szeged.hu/19387/1/delvideki_szemle_003_095-096.pdf
|z Dokumentum-elérés
|